Seasons of the spirit
Gardado en:
| Autor Principal: | |
|---|---|
| Formato: | Libro |
| Idioma: | Undetermined |
| Publicado: |
Toronto, Canadá
Marcus Books
1980
|
| Edición: | 2 |
| Materias: | |
| Etiquetas: |
Engadir etiqueta
Sen Etiquetas, Sexa o primeiro en etiquetar este rexistro!
|
MARC
| LEADER | 00000nam a2200000Ia 4500 | ||
|---|---|---|---|
| 008 | 170316s9999 xx 000 0 und d | ||
| 040 | |a cru BVZT | ||
| 090 | |a 880 H-4s | ||
| 100 | |a Hilarion | ||
| 245 | |a Seasons of the spirit | ||
| 250 | |a 2 | ||
| 260 | |a Toronto, Canadá | ||
| 260 | |b Marcus Books | ||
| 260 | |c 1980 | ||
| 300 | |a 103 páginas | ||
| 650 | |a LITERATURA GRIEGA | ||
| 999 | |c 11908 |d 11908 | ||
| 942 | |c 15 D |h 880 H-4s |2 z | ||
